000 00763cam a22002533a 4500
001 23351
003 PGUSA
005 20140828083510.0
008 071106s2007||||xxu|||||s|||||000 1 eng d
040 _aPGUSA
_beng
042 _adc
050 4 _aPZ
100 1 _aOptic, Oliver,
_d1822-1897
245 1 4 _aThe Yacht Club ;
_bor, The Young Boat-Builder
_h[electronic resource] /
_cOliver Optic
260 _bProject Gutenberg,
_c2007
506 _aPublic domain in the USA.
516 _aElectronic text
653 _aYachts -- Juvenile fiction
653 _aYoung men -- Conduct of life -- Juvenile fiction
653 _aSailing -- Juvenile fiction
830 0 _aProject Gutenberg
_v23351
856 4 0 _uhttp://www.gutenberg.org/ebooks/23351
942 _cEB
999 _c252606
_d252606